000 00283nam a22001097a 4500
008 240923b |||||||| |||| 00| 0 eng d
022 _a09730052
245 _aInternational Journal Of Rural Management
260 _aNew Dehli
_bSage Publication
_c2024
300 _aEng
942 _cSR
_s1
999 _c41531
_d41531